01641nam a2200433 i 450000100060000000300080000600500170001400600190003100700150005000800410006502000180010602000270012403500230015103500240017403500250019803500210022304000310024405000210027508200120029610000210030824501050032926400340043430000410046833600310050933700330054033800430057349000310061658801240064759001640077160000230093565100350095865100350099365500270102870000210105579700190107683000330109585600620112899900170119068583FlNmELB20241217142916.0m o d | cr cnu||||||||140714s1995 pe o 000 0 spa d z9788489303539 a9781449299897 (e-book) a(MiAaPQ)EBC3220019 a(Au-PeEL)EBL3220019 a(CaPaEBR)ebr10862432 a(OCoLC)992114357 aFINmELBbspaerdacFINmELB 4aF3431bG875 19950 a9852231 aGrompone, Romeo.10aNuevos tiempos, nueva política :bel fin de un ciclo partidario /cRomeo Grompone, Carlos Mejía. 1aLima :bIEP Ediciones,c1995. a1 recurso en línea (110 páginas) atextobtxt2rdacontent/spa acomputadorabc2rdamedia/spa arecurso en líneabcr2rdacarrier/spa1 aColección mínima ;v32 aDescripción basada en recurso en línea; Título de la página del título en PDF (e-libro, visto july 14, 2014). aRecurso electrónico. Santa Fe, Arg.: e-libro, 2015. Disponible vía World Wide Web. El acceso puede estar limitado para las bibliotecas afiliadas a e-libro.14aFujimori, Alberto. 0aPeruxPolitics and government. 4aPerúxPolítica y gobierno. 4aLibros electrónicos.1 aMejía, Carlos.2 ae-libro, Corp. 0aColección mínima. ;v32.40uhttps://elibro.net/ereader/politecnicointernacional/55564 c68583d68583